Právne aspekty regulácie účtovníctva v Slovenskej republike bakalárska práca

Enregistré dans:
Détails bibliographiques
Auteur principal: Smreková, Nikola
Collectivité auteur: Fakulta hospodárskej informatiky EU. Katedra účtovníctva a audítorstva
Autres auteurs: Juhászová, Zuzana, 1970-
Format: Livre
Langue:slovaque
Publié: Bratislava 2015
Tags: Ajouter un tag
Pas de tags, Soyez le premier à ajouter un tag!

MARC

LEADER 00000nbm a2200000 4500
001 0204114
005 20161212111536.1
041 0 |a slo 
044 |a SK 
245 1 0 |a Právne aspekty regulácie účtovníctva v Slovenskej republike  |b bakalárska práca  |c Nikola Smreková ; školiteľ: Zuzana Juhászová 
264 1 |a Bratislava  |c 2015 
300 |a 50 s. 
100 1 |a Smreková, Nikola 
700 1 |a Juhászová, Zuzana, 1970- 
710 2 |a Fakulta hospodárskej informatiky EU. Katedra účtovníctva a audítorstva